| 000 | 00482nam a2200181 a 4500 | ||
|---|---|---|---|
| 001 | 2409 | ||
| 005 | 20140414131926.0 | ||
| 008 | 050601s19uu xx 00 eng d | ||
| 020 | _a0-7214-2734-0 | ||
| 050 |
_aER _bQ2 1999 |
||
| 245 |
_aQuack! quack! / _cillustrated by Mandy Stanley. |
||
| 260 |
_aLondon : _bLadybird Books, _c1999. |
||
| 300 | _a1 v. p. : ill. ; cm. | ||
| 440 | _aLook and talk | ||
| 650 |
_aDucks _xFiction. |
||
| 650 | _aChildren stories. | ||
| 999 |
_c112003 _d112003 |
||